Clic Les Premiers ministres par durée de fonctions - Statistiques

Statistiques générales
  • Ce quiz a été pris 8 fois
    6 depuis la dernière actualisation
  • Le résultat moyen est 8 sur 25
Statistiques - réponses
Hint Explanation Réponse % Correct
Bernard Cazeneuve 2016-2017 0160 jours
67%
Georges Pompidou 1962-1968 2279 jours
67%
Gabriel Attal 2024 0240 jours
50%
Raymond Barre 1976-1981 1730 jours
50%
Lionel Jospin 1997-2002 1799 jours
50%
François Fillon 2007-2012 1825 jours
50%
Edith Cresson 1991-1992 0323 jours
33%
Pierre Bérégovoy 1992-1993 0361 jours
33%
Pierre Messmer 1972-1974 0691 jours
33%
Dominique de Villepin 2005-2007 0716 jours
33%
Manuel Valls 2014-2016 0981 jours
33%
Michel Rocard 1988-1991 1100 jours
33%
Jacques Chaban-Delmas 1969-1972 1111 jours
33%
Edouard Philippe 2017-2020 1145 jours
33%
Michel Debré 1959-1962 1192 jours
33%
Maurice Couve de Murville 1968-1969 0345 jours
17%
Elisabeth Borne 2022-2024 0603 jours
17%
Laurent Fabius 1984-1986 0611 jours
17%
Jean Castex 2020-2022 0682 jours
17%
Jean-Marc Ayrault 2012-2014 0685 jours
17%
Alain Juppé 1995-1997 0747 jours
17%
Jean-Pierre Raffarin 2002-2005 1121 jours
17%
Pierre Mauroy 1981-1984 1153 jours
17%
Jacques Chirac 1974-1976 & 1986-1988 1603 jours
17%
Edouard Balladur 1993-1995 0779 jours
0%
Aucun quiz correspondant
Distribution des résultats
% des personnes avec chaque résultat
Percentile par nombre de réponses
Votre historique - résultats
Vous n’avez pas pris ce quiz depuis la dernière actualisation